|
|
|
|
| LEADER |
00000cam a2200000 4500 |
| 001 |
vtls012159868 |
| 003 |
SK-MaSNL |
| 005 |
20260331211830.0 |
| 008 |
230201s2017 xxko f n 001 0 eng |
| 015 |
|
|
|a SNBZSA2024/06
|
| 020 |
|
|
|a 9781138932142
|q (brožované)
|
| 020 |
|
|
|a 9781315679426
|q (ebk)
|
| 040 |
|
|
|a SNK
|b slo
|c SNK
|e rda
|
| 041 |
0 |
|
|a eng
|
| 044 |
|
|
|a xxk
|c GB
|a xxu
|c US
|
| 072 |
|
7 |
|a 159.92
|x Vývinová psychológia. Psychológia osobnosti
|2 konspekt
|
| 080 |
|
|
|a 159.922.73
|2 2011
|
| 080 |
|
|
|a 37.091.3
|2 2011
|
| 080 |
|
|
|a 808.543
|2 2011
|
| 080 |
|
|
|a 82-93-053.4/.5
|2 2011
|
| 080 |
|
|
|a (082)
|2 2011
|
| 100 |
1 |
|
|a Cremin, Teresa,
|d 1959-
|4 edt
|4 aut
|9 371368
|
| 245 |
1 |
0 |
|a Storytelling in early childhood
|b enriching language, literacy and classroom culture
|c edited by Teresa Cremin, Rosie Flewitt, Ben Mardell and Joan Swann
|
| 250 |
|
|
|a First published by Routledge
|
| 264 |
|
1 |
|a London
|a New York
|b Routledge, Taylor & Francis Group
|c 2017
|
| 264 |
|
4 |
|c ©2017
|
| 300 |
|
|
|a xiii, 210 strán
|b fotografie
|c 24 cm
|
| 336 |
|
|
|a text
|b txt
|2 rdacontent
|
| 337 |
|
|
|a bez média
|b n
|2 rdamedia
|
| 338 |
|
|
|a zväzok
|b nc
|2 rdacarrier
|
| 500 |
|
|
|a Obsahuje profesijné údaje o prispievateľoch
|
| 504 |
|
|
|a Obsahuje bibliografiu za jednotlivými príspevkami a register na strane 199-210
|
| 650 |
0 |
7 |
|a detstvo
|2 SNKPH
|9 3828
|
| 650 |
0 |
7 |
|a vyučovacie metódy
|2 SNKPH
|9 1521
|
| 650 |
0 |
7 |
|a rozprávanie
|2 SNKPH
|9 83281
|
| 650 |
0 |
7 |
|a Childhood
|2 SNKPHeng
|9 310957
|
| 650 |
0 |
7 |
|a Teaching methods
|2 SNKPHeng
|9 286676
|
| 650 |
0 |
7 |
|a Storytelling
|2 SNKPHeng
|9 422562
|
| 650 |
0 |
7 |
|a literatúra pre deti
|2 SNKPH
|9 55721
|
| 650 |
0 |
7 |
|a Children's literature
|2 SNKPHeng
|9 265394
|
| 655 |
|
7 |
|a zborníky
|2 SNKPH
|9 70165
|
| 655 |
|
7 |
|a Papers of several authors
|2 SNKPHeng
|9 153738
|
| 700 |
1 |
|
|a Flewitt, Rosie
|4 edt
|9 570097
|
| 700 |
1 |
|
|a Mardell, Ben
|4 edt
|9 570098
|
| 700 |
1 |
|
|a Swann, Joan
|d 1949-
|4 edt
|9 570099
|
| 852 |
|
|
|a Slovenská národná knižnica
|
| 919 |
|
|
|a 978-1-138-93214-2
|
| 919 |
|
|
|a 978-1-315-67942-6
|
| 954 |
|
|
|a odborná, vedecká literatúra pôvodná (slovenská)
|2 lita
|
| 954 |
|
|
|a odborná, vedecká literatúra cudzojazyčná (svetová)
|2 lita
|
| 958 |
|
|
|a NB
|
| 958 |
|
|
|a ZS
|
| 999 |
|
|
|c 873849
|d 875779
|
| 952 |
|
|
|a SNK
|b SNK
|y PREZ
|7 0
|p 17A1529704
|o snkSC 206856
|i snk2024/9019
|8 4
|g 60.20
|0 0
|1 0
|4 0
|d 2023-02-01
|l 0
|r 2025-10-30 00:00:00
|w 2026-02-24
|